Language of space and form : (Record no. 353536)

000 -LEADER
fixed length control field 01944cam a2200481 a 4500
001 - CONTROL NUMBER
control field 16690759
003 - CONTROL NUMBER IDENTIFIER
control field OSt
005 - DATE AND TIME OF LATEST TRANSACTION
control field 20180116192411.0
008 - FIXED-LENGTH DATA ELEMENTS--GENERAL INFORMATION
fixed length control field 110314s2012 njua b 001 0 eng
010 ## - LIBRARY OF CONGRESS CONTROL NUMBER
LC control number 2011010955
016 7# - NATIONAL BIBLIOGRAPHIC AGENCY CONTROL NUMBER
Record control number 015903558
Source Uk
020 ## - INTERNATIONAL STANDARD BOOK NUMBER
International Standard Book Number 9780470618448 (cloth)
020 ## - INTERNATIONAL STANDARD BOOK NUMBER
International Standard Book Number 0470618442 (cloth)
020 ## - INTERNATIONAL STANDARD BOOK NUMBER
International Standard Book Number 9781118103425 (ebook)
020 ## - INTERNATIONAL STANDARD BOOK NUMBER
International Standard Book Number 1118103424 (ebook)
020 ## - INTERNATIONAL STANDARD BOOK NUMBER
International Standard Book Number 9781118103432 (ebook)
020 ## - INTERNATIONAL STANDARD BOOK NUMBER
International Standard Book Number 1118103432 (ebook)
020 ## - INTERNATIONAL STANDARD BOOK NUMBER
International Standard Book Number 9781118105320 (ebook)
020 ## - INTERNATIONAL STANDARD BOOK NUMBER
International Standard Book Number 111810532X (ebook)
020 ## - INTERNATIONAL STANDARD BOOK NUMBER
International Standard Book Number 9781118105337 (ebook)
020 ## - INTERNATIONAL STANDARD BOOK NUMBER
International Standard Book Number 1118105338 (ebook)
020 ## - INTERNATIONAL STANDARD BOOK NUMBER
International Standard Book Number 9781118105344 (ebook)
020 ## - INTERNATIONAL STANDARD BOOK NUMBER
International Standard Book Number 1118105346 (ebook)
035 ## - SYSTEM CONTROL NUMBER
System control number (OCoLC)ocn707842677
040 ## - CATALOGING SOURCE
Original cataloging agency DLC
Transcribing agency DLC
Modifying agency YDX
-- UKMGB
-- YDXCP
-- BDX
-- BTCTA
-- CDX
-- COO
-- STF
-- DLC
042 ## - AUTHENTICATION CODE
Authentication code pcc
050 00 - LIBRARY OF CONGRESS CALL NUMBER
Classification number NA2750
Item number .E34 2012
082 00 - DEWEY DECIMAL CLASSIFICATION NUMBER
Classification number 720.14
Edition number 22
100 1# - MAIN ENTRY--PERSONAL NAME
Personal name Eckler, James,
Dates associated with a name 1982-
9 (RLIN) 5861
245 10 - TITLE STATEMENT
Title Language of space and form :
Remainder of title generative terms for architecture /
Statement of responsibility, etc. James Eckler.
246 30 - VARYING FORM OF TITLE
Title proper/short title Generative terms for architecture
260 ## - PUBLICATION, DISTRIBUTION, ETC.
Place of publication, distribution, etc. Hoboken, N.J. :
Name of publisher, distributor, etc. John Wiley & Sons,
Date of publication, distribution, etc. c2012.
300 ## - PHYSICAL DESCRIPTION
Extent vi, 310 p. :
Other physical details ill. ;
Dimensions 23 x 29 cm.
504 ## - BIBLIOGRAPHY, ETC. NOTE
Bibliography, etc. note Includes bibliographical references and index.
505 0# - FORMATTED CONTENTS NOTE
Formatted contents note A note to students on the design process and the role of words -- Terms of process & generation -- Terms of organization & ordering -- Terms of operation & experience --Terms of objects & assemblies -- Terms of representation & communication.
650 #0 - SUBJECT ADDED ENTRY--TOPICAL TERM
Topical term or geographic name entry element Architectural design
General subdivision Terminology.
9 (RLIN) 5862
906 ## - LOCAL DATA ELEMENT F, LDF (RLIN)
a 7
b cbc
c orignew
d 1
e ecip
f 20
g y-gencatlg
942 ## - ADDED ENTRY ELEMENTS (KOHA)
Source of classification or shelving scheme
Koha item type Book
Holdings
Withdrawn status Lost status Source of classification or shelving scheme Damaged status Not for loan Permanent Location Current Location Date acquired Total Checkouts Total Renewals Full call number Barcode Date last seen Date last checked out Copy number Cost, replacement price Price effective from Koha item type
          School of Art Design and Architecture (SADA) School of Art Design and Architecture (SADA) 07/20/2012 22 15 720.14 ECK 2012 SADA0001722 08/20/2025 08/05/2025 01 3545.00 08/02/2012 Book
          School of Art Design and Architecture (SADA) School of Art Design and Architecture (SADA) 08/06/2012 17 13 720.14 ECK 2012 SADA0001739 05/15/2025 03/24/2025 02 0.00 08/06/2012 Book
          School of Art Design and Architecture (SADA) School of Art Design and Architecture (SADA) 08/09/2012 14 8 720.14 ECK 2012 SADA0001777 04/20/2016 03/28/2016 03 0.00 08/10/2012 Book
          School of Art Design and Architecture (SADA) School of Art Design and Architecture (SADA) 08/09/2012 8 7 720.14 ECK 2012 SADA0001778 03/03/2016 02/04/2016 04 0.00 09/06/2012 Book
© 2023 Central Library, National University of Sciences and Technology. All Rights Reserved.